Historia de la ideas políticas

محفوظ في:
التفاصيل البيبلوغرافية
المؤلف الرئيسي: Touchard, Jean (مؤلف)
التنسيق: كتاب
اللغة:الإسبانية
منشور في: Madrid Tecnos 1964
الموضوعات:
الوسوم: إضافة وسم
لا توجد وسوم, كن أول من يضع وسما على هذه التسجيلة!

MARC

LEADER 00000nam a2200000 a 4500
001 UCY0988
003 CL-VaPUC
008 940819e19640000SP |||||||||||||||||spa|d
082 0 4 |a 320.9  |b TOU  |2 21 
100 0 |a Touchard, Jean  |e author  |9 328850 
245 1 0 |a Historia de la ideas políticas 
300 |a v 
942 |c BK 
945 |d 19940819 00:00:00  |a aalvarez 
260 |a Madrid  |b Tecnos  |c 1964 
650 0 |a Ciencias Políticas  |9 255201 
583 |a last modification  |c 20180327 04:35:51  |k Rodrigo Vera 
999 |c 229828  |d 229826 
952 |0 0  |1 0  |4 0  |6 320_900000000000000_TOU_1964  |7 0  |8 A  |9 231513  |a BIBDER  |b BIBDER  |d 2019-11-15  |i 3011240  |o 320.9 TOU 1964  |p 3011240  |r 2023-01-25  |w 2019-11-15  |y BK  |k DER